000 00854nam a2200229 a 4500
001 000031441
003 DO-SdBNP
005 20220810141156.0
007 ta
008 110622s2011 dr d r 000 0 spa d
040 _aDO-SdBNP
_bspa
_cBNPHU
082 4 _a378.021
_bI43g
_222
245 0 0 _aInforme general sobre estadísticas de educación superior 2006-2009 /
_cpresentación Ligia Amada Melo de Cardona.
260 _aSanto Domingo :
_bMESCyT,
_c2011.
300 _axii, 559 p. :
_bgráf. ;
_c27 cm.
590 _aInventariado, 2018/BT
650 4 _aEducación superior
_zRepública Dominicana
_xEstadísticas
_y2006-2009
_957847
700 1 _aMelo de Cardona, Ligia Amada
_927174
710 1 _aRepública Dominicana. Ministerio de Educación Superior, Ciencia y Tecnología
_956809
910 _aValidado. Control de calidad. MFF
942 _2ddc
_cLBS1
999 _c30933
_d30933